| 000 | 00483nam a2200145Ia 4500 | ||
|---|---|---|---|
| 008 | 170224s9999 xx 000 0 und d | ||
| 100 | _aChanaka Jayawardhena | ||
| 245 | _aEthical consumption behaviours in supermarket shoppers: determinants and marketing implications | ||
| 245 | _cChanaka Jayawardhena, Kevin Morrell & Chris Stride | ||
| 260 | _bJournal of Marketing Management | ||
| 260 | _c2016 | ||
| 300 | _a32:7-8,Pages: 777-805 | ||
| 500 | _aJune | ||
| 650 | _xMarketing. | ||
| 999 |
_c315936 _d315936 |
||